000 00817nam a2200217 a 4500
999 _c8952
_d8952
001 8952
003 BD-JhCC
005 20180306093431.0
008 180306s1999 bg a|||| ||a| 000 0 ben d
035 _a(BD-JhCC)8952
040 _aBD-JhCC
_dBD-JhCC
041 _aben
082 _a530
_bPRA 1999
100 _aপ্রামাণিক, মো: নাছির উদ্দিন
245 _aউচ্চ মাধ্যমিক পদার্থবিজ্ঞান দ্বিতীয় পত্র (ব্যবহারিক অংশসহ) /
_cমো: নাছির উদ্দিন প্রামাণিক,
260 _aঢাকা :
_bমল্লিক ব্রাদার্স,
_c1999
300 _a601 p. :
_c24 cm.
650 _aPhysics
942 _2ddc
_cBK